000 00340nam a2200133Ia 4500
005 20251222155142.0
008 251222s9999||||xx |||||||||||||| ||spa||
082 _aINV.49
100 _aSANCHEZ CARLESSI, Hugo.
245 0 _aMetodología y diseño de la investigación científica
250 _a2da. ed.
264 _bLimusa
942 _cLIB
999 _c39243
_d39243